Statistics for Geography by Letter - K

Click here to take the quiz!

General Stats

  • This quiz has been taken 83,502 times
  • The average score is 14 of 20

Answer Stats

HintAnswer% Correct
Capital of UkraineKyiv
94%
Highest mountain in AfricaKilimanjaro
93%
One of Australia's national animalsKangaroo
91%
Famously flat U.S. stateKansas
91%
Person from New ZealandKiwi
86%
Capital of AfghanistanKabul
82%
Country on the Persian GulfKuwait
82%
Food that is okay for Jews to eatKosher
79%
Ethnic group in Turkey and IraqKurds
78%
World's 2nd tallest mountainK2
77%
Capital of NepalKathmandu
75%
Title for the German Emperor in WWIKaiser
70%
Modern name for CalcuttaKolkata
59%
Site of the Petronas TowersKuala Lumpur
56%
Desert in southern AfricaKalahari
55%
Language of CambodiaKhmer
55%
Indonesian volcano that erupted
spectacularly in 1883
Krakatoa
52%
National dish of KoreaKimchi
48%
Florida city where Hemingway livedKey West
41%
Mountain pass that connects
Pakistan and Afghanistan
Khyber Pass
35%

Score Distribution

Percentile by Number Answered

Percent of People with Each Score

Your Score History

You have not taken this quiz